Inovační paradox v Česku: ekonomická teorie a politická realita

Vzťah a súvislosti medzi inováciami, regionálnym rozvojom a regionálnym inovačným paradoxom.

Saved in:
Bibliographic Details
Main Author: Klímová, Viktorie
Other Authors: Žítek, Vladimír
Format: Book Chapter
Language:Czech
Subjects:
Tags: Add Tag
No Tags, Be the first to tag this record!

MARC

LEADER 00000naa a2200000 4500
001 0205413
005 20231207125935.6
041 0 |a cze 
044 |a CZ 
245 1 0 |a Inovační paradox v Česku: ekonomická teorie a politická realita  |c Viktorie Klímová, Vladimír Žítek 
520 |a Vzťah a súvislosti medzi inováciami, regionálnym rozvojom a regionálnym inovačným paradoxom. 
610 2 0 |a stratégia inovačná 
610 2 0 |a politika kohézna 
610 2 0 |a analýza korelačná 
610 2 0 |a politika regionálna 
610 2 0 |a paradoxy 
100 1 |a Klímová, Viktorie 
700 1 |a Žítek, Vladimír